Freedom Summer /

Se aborda la campaña "Missisipi Freedom Summer", realizada en Estados Unidos en 1964, y cuyo principal fin era registrar votantes afroamericanos y apoyar sus luchas por los derechos civiles, en una época de intensa violencia racial. Se busca entender los cambios dramáticos experimentados,...

Celý popis

Uloženo v:
Podrobná bibliografie
Hlavní autor: Mc Adam, Doug
Médium: Neznámo
Jazyk:English
Vydáno: New York (State) : Oxford University Press
Témata:
Tagy: Přidat tag
Žádné tagy, Buďte první, kdo vytvoří štítek k tomuto záznamu!

MARC

LEADER 00000 a2200000 04500
001 40117
003 cru CIDCACS/IIS
005 20171020160945.0
008 050610s1988 nyu eng d
999 |c 16219  |d 16219 
020 |a 0-19-506472-0  
040 |c CIDCACS/IIS 
090 |a 05.03.04 M113f  
100 |a Mc Adam, Doug  
245 |a Freedom Summer /   |c Doug Mc Adam 
260 |a New York (State) :   |b Oxford University Press  
300 |a 333 páginas  
500 |a Colección Cambio Social donada por Paul Almeida  
520 |a Se aborda la campaña "Missisipi Freedom Summer", realizada en Estados Unidos en 1964, y cuyo principal fin era registrar votantes afroamericanos y apoyar sus luchas por los derechos civiles, en una época de intensa violencia racial. Se busca entender los cambios dramáticos experimentados, tanto por los voluntarios que participaron en dicha campaña, como en la sociedad estadounidense como un todo.  
590 |a EFU/OCTUBRE2011  
650 |a ESTADOS UNIDOS  
650 |a DERECHOS CIVILES  
650 |a ANALISIS HISTORICO  
650 |a VIOLENCIA  
650 |a MOVIMIENTOS SOCIALES  
650 |a REPRESION  
650 |a SEGREGACION RACIAL  
942 |2 ddc  |c LI